Logo brazylijskich klubów piłkarskich #1 - Statystyki

Ogólne statystyki
  • Ten quiz został rozwiązany 24 razy
  • Średni wynik to 7 z 20
Statystyki odpowiedzi
Obrazkowy Odpowiedź % Poprawnych
Santos
95%
Palmeiras
91%
Grêmio
86%
São Paulo
86%
Flamengo
82%
Botafogo
73%
Cruzeiro
45%
Atlético Mineiro
41%
Fortaleza
32%
Athletico Paranaense
14%
Chapecoense
14%
Coritiba
9%
Sport Recife
9%
Ceará
5%
Criciúma
5%
Cuiabá
5%
Paysandu
5%
Santa Cruz
5%
Londrina
0%
Portuguesa
0%
Nie znaleziono quizów pasujących do podanych kryteriów
Rozkład punktacji
Procent ludzi z każdym wynikiem
Percentyl według liczby udzielonych odpowiedzi
Twoja historia wyników
Nie rozwiązałeś tego quizu